El mapa de Teozacoalco (Record no. 9251)

MARC details
000 -CABECERA
campo de control de longitud fija 00868nam a2200265 a 4500
001 - NÚMERO DE CONTROL
campo de control BRL_439
005 - FECHA Y HORA DE LA ÚLTIMA TRANSACCIÓN
campo de control 20190320210737.0
008 - DATOS DE LONGITUD FIJA--INFORMACIÓN GENERAL
campo de control de longitud fija 011010s1949----nyuab#####---#000-0#spa-#
041 ## - CÓDIGO DE LENGUA
Código de lengua del texto/banda sonora o título independiente spa
044 ## - CÓDIGO DEL PAÍS DE LA ENTIDAD EDITORA/PRODUCTORA
Código MARC del país nyu
050 #4 - SIGNATURA TOPOGRÁFICA DE LA BIBLIOTECA DEL CONGRESO
Número de clasificación F1219.54.M59
Número de documento/Ítem .C37 1949
100 1# - ENTRADA PRINCIPAL--NOMBRE DE PERSONA
Nombre de persona Caso, Alfonso,
Fechas asociadas al nombre 1896-1970
9 (RLIN) 18336
245 10 - MENCIÓN DE TÍTULO
Título El mapa de Teozacoalco
Mención de responsabilidad, etc. por Alfonso Caso.
260 ## - PUBLICACIÓN, DISTRIBUCIÓN, ETC.
Lugar de publicación, distribución, etc. [New York]
Nombre del editor, distribuidor, etc. [s.n.]
Fecha de publicación, distribución, etc. 1949
300 ## - DESCRIPCIÓN FÍSICA
Extensión Separata, p. 146-181
Otras características físicas il., 1 hoja plegable a color
Dimensiones 25 cm.
500 ## - NOTA GENERAL
Nota general Artículo
500 ## - NOTA GENERAL
Nota general Estado físico: restaurado, octubre 2013 ; cuadernillos sueltos dentro de una guarda
500 ## - NOTA GENERAL
Nota general Au2333
500 ## - NOTA GENERAL
Nota general Al XXIX Congreso Internacional de Americanistas, New York, 1949
504 ## - NOTA DE BIBLIOGRAFÍA, ETC.
Nota de bibliografía, etc. Bibliografía: p. 180-181
650 14 - PUNTO DE ACCESO ADICIONAL DE MATERIA--TÉRMINO DE MATERIA
Término de materia o nombre geográfico como elemento de entrada Manuscritos mixtecos
9 (RLIN) 23916
651 #4 - PUNTO DE ACCESO ADICIONAL DE MATERIA--NOMBRE GEOGRÁFICO
Nombre geográfico Teozacoalco (Oaxaca)
Subdivisión de forma Mapas
9 (RLIN) 23917
902 ## - CATALOGADOR
Iniciales GRL
942 ## - ELEMENTOS DE PUNTO DE ACCESO ADICIONAL (KOHA)
Fuente del sistema de clasificación o colocación Library of Congress Classification
Tipo de ítem Koha Libros
Holdings
Estado de retiro Estado de pérdida Estado dañado No para préstamo Localización permanente Ubicación/localización actual Fecha de adquisición Número de inventario Total de préstamos Signatura topográfica completa Código de barras Fecha visto por última vez Precio válido a partir de Tipo de ítem Koha
El ejemplar forma parte de la colección y puede ser consultado según las políticas vigentes.       Biblioteca Centro de Estudios Ruth D. Lechuga Biblioteca Centro de Estudios Ruth D. Lechuga 13/08/2013 Au2333   F1219.54.M59 .C37 1949 (Au2333) GRL01270 22/03/2019 22/03/2019 Libros